| 000 | 00606nam a2200229Ia 4500 | ||
|---|---|---|---|
| 003 | EC-GqESP | ||
| 005 | 20251118144702.0 | ||
| 008 | 250425s9999 xx 000 0 und d | ||
| 010 | _a100721 | ||
| 020 | _a9780966784305 | ||
| 041 | _aeng | ||
| 082 |
_a658.5 _pROT |
||
| 100 | _aROTHER, MIKE | ||
| 245 | 0 | _aLEARNING TO SEE: VALUE-STREAM MAPPING TO CREATE VALUE AND ELIMINATE MUDA | |
| 250 | _a1ST ED. | ||
| 260 |
_aEstados Unidos _bLEAN ENTERPRISE INSTITUTE _c2009 |
||
| 260 | _aMIAMI | ||
| 300 | _a102 p. | ||
| 650 | _aCADENA DE VALOR | ||
| 650 | _aPLANIFICACION LA PRODUCCION | ||
| 942 | _c01 | ||
| 999 |
_c234831 _d234831 |
||